00760nam a2200253 a 4500001001300000003000900013005001700022008004100039020002200080082002000102100002200122245002800144260003700172300000800209500003500217505002100252650003500273650001300308700002200321902000800343942000700351952013100358999001700489nice12345678IN_TiNIC20260116013716.0050524s1995 newa grp 000 0 eng  a8185990 c2000a324.245408bCHA aChatterjee, Abhas aConcept of Hindu Nation aNew DelhibVoice of India c1995 a69p aincludes index and biblioraphy2 aEnd Noted, Index aReligious Fundamentalism-Hindu aHindutva1 aChatterjee, Abhas bSRS cBK 001040708StackRoom-aHMIbHMId2013-07-05g20.00l1o324.245408 CHAp017834r2025-01-23s2025-01-16v20.00w2005-05-24yBK c12084d12084